000 00500nam a22001817a 4500
999 _c5924
_d5924
003 GBCCL
005 20241126110552.0
008 180418b ||||| |||| 00| 0 eng d
040 _cgbc
082 _a248
_bZWE
100 _aZwemer, Ann
_910725
245 _aClaiming the gift of peace /
_cAnn Zwemer
260 _aSouth Holland:
_bReformed Church,
_c1986
300 _a105 p.;
_bill.;
_c21 cm.
650 _aChristian life
_9183
650 _aPeace of mind
_vReligious aspects
_910726
942 _2ddc
_cBK